University Home | Library Home | Institutional Repository

Clinical gynecologic endocrinology and infertility. (Record no. 52473)

MARC details
000 -LEADER
fixed length control field 00599cam5a220021700 4500
001 - CONTROL NUMBER
control field zam00003039
008 - FIXED-LENGTH DATA ELEMENTS--GENERAL INFORMATION
fixed length control field 951128s1973 xx eng u
035 ## - SYSTEM CONTROL NUMBER
System control number (Sirsi) r20375
035 ## - SYSTEM CONTROL NUMBER
System control number (MACHINE)MSLC.
100 ## - MAIN ENTRY--PERSONAL NAME
Personal name Sperroff, L.
Linkage A81718.1
245 10 - TITLE STATEMENT
Title Clinical gynecologic endocrinology and infertility.
260 ## - PUBLICATION, DISTRIBUTION, ETC.
Date of publication, distribution, etc. 1973.
591 ## -
-- Class code: OBS 510.
591 ## -
-- Course: Obstetrics.
591 ## -
-- School: S07.
591 ## -
-- Lecturer: Dr. SIKAZWE, N.C.
591 ## -
-- Number of Students: 34.
949 ## - LOCAL PROCESSING INFORMATION (OCLC)
a RG159
w LC
m MEDICAL
t BOOK
l ON-SHELF
909 ## -
-- Book

No items available.

© 2026 - The University of Zambia Library - Koha v25.11